[Event "IBCA EU-chT blind 2nd"]
[Site "Calimanesti"]
[Date "2019.10.12"]
[Round "8.4"]
[White "Wassin, Sergej"]
[Black "Vela Ignacio, Jose Manuel"]
[Result "1-0"]
[WhiteElo "2264"]
[BlackElo "2043"]
[PlyCount "65"]
[EventDate "2019.10.05"]
[EventType "team-swiss"]
[EventRounds "9"]
[EventCountry "ROU"]
[SourceTitle "CBM 192 Extra"]
[Source "Chessbase"]
[SourceDate "2019.11.06"]
[SourceVersion "1"]
[SourceVersionDate "2019.11.06"]
[SourceQuality "1"]
[WhiteTeam "Ukraine"]
[BlackTeam "Spain"]
[WhiteTeamCountry "UKR"]
[BlackTeamCountry "ESP"]

1. d4 b6 2. Nf3 Bb7 3. g3 f5 4. Bg2 Nf6 5. c4 e6 6. 0-0 Be7 7. b3 0-0 8. Bb2 Ne4 9. Nbd2 d6 10. Qc2 Nd7 11. Rfd1 Ndf6 12. Nxe4 Bxe4 13. Qd2 Ng4 14. h3 Nh6 15. a4 a5 16. Ba3 g5 17. c5 Kg7 18. cxd6 cxd6 19. Rac1 g4 20. hxg4 fxg4 21. Ne1 Bg5 22. e3 Bxg2 23. Nxg2 Nf5 24. Nf4 Bxf4 25. exf4 Rf6 26. d5 Nh4 27. gxh4 Rh6 28. Qc3+ Kg8 29. Qg3 Rxh4 30. dxe6 h5 31. Bxd6 Rh3 32. Qg2 Qh4 33. Qxa8+ 1-0

[Event "SLO-ch blind int 13th"]
[Site "Izola"]
[Date "2019.06.03"]
[Round "1"]
[White "Muri, Emil"]
[Black "Wassin, Sergej"]
[Result "0-1"]
[WhiteElo "1825"]
[BlackElo "2262"]
[PlyCount "72"]
[EventDate "2019.06.03"]
[EventType "swiss"]
[EventRounds "7"]
[EventCountry "SLO"]
[SourceTitle "CBM 190 Extra"]
[Source "ChessBase"]
[SourceDate "2019.07.15"]
[SourceVersion "1"]
[SourceVersionDate "2019.07.15"]
[SourceQuality "1"]

1. e4 c5 2. Nf3 g6 3. d3 Bg7 4. g3 Nc6 5. Bg2 Nf6 6. Nbd2 d5 7. 0-0 0-0 8. c3 e5 9. Re1 Re8 10. h3 h6 11. Nh2 Be6 12. Ndf1 Qd7 13. h4 Rad8 14. Qc2 b6 15. Bd2 b5 16. Qc1 Kh7 17. b3 a5 18. c4 dxc4 19. dxc4 bxc4 20. bxc4 Qd4 21. Be3 Qxc4 22. Qxc4 Bxc4 23. Bxc5 Nd4 24. Ne3 Bd3 25. Bb6 Ra8 26. f3 Re6 27. Bc5 Bf8 28. Bxf8 Rxf8 29. Kf2 Rb8 30. Nhf1 Rb2+ 31. Kg1 Nh5 32. Red1 Be2 33. Rdb1 Reb6 34. Rxb2 Rxb2 35. a4 Bxf3 36. Nc4 Rxg2+ 0-1

[Event "IBCA Wch blind 14th"]
[Site "Cagliari"]
[Date "2019.04.10"]
[Round "5"]
[White "Wassin, Sergej"]
[Black "Dimic, Pavle"]
[Result "1/2-1/2"]
[WhiteElo "2262"]
[BlackElo "2333"]
[PlyCount "24"]
[EventDate "2019.04.06"]
[EventType "swiss"]
[EventRounds "9"]
[EventCountry "ITA"]
[SourceTitle "CBM 189 Extra"]
[Source "ChessBase"]
[SourceDate "2019.06.03"]
[SourceVersion "1"]
[SourceVersionDate "2019.06.03"]
[SourceQuality "1"]

1. d4 Nf6 2. Nf3 e6 3. c4 Bb4+ 4. Bd2 Qe7 5. Nc3 0-0 6. g3 Bxc3 7. Bxc3 Ne4 8. Qc2 Nxc3 9. Qxc3 d6 10. Bg2 Nc6 11. 0-0 e5 12. dxe5 dxe5 1/2-1/2

[Event "IBCA Wch blind 14th"]
[Site "Cagliari"]
[Date "2019.04.09"]
[Round "4"]
[White "Zoltek, Tadeusz"]
[Black "Wassin, Sergej"]
[Result "0-1"]
[WhiteElo "2092"]
[BlackElo "2262"]
[PlyCount "52"]
[EventDate "2019.04.06"]
[EventType "swiss"]
[EventRounds "9"]
[EventCountry "ITA"]
[SourceTitle "CBM 189 Extra"]
[Source "ChessBase"]
[SourceDate "2019.06.03"]
[SourceVersion "1"]
[SourceVersionDate "2019.06.03"]
[SourceQuality "1"]

1. c4 c5 2. Nc3 Nc6 3. g3 g6 4. Bg2 Bg7 5. d3 d6 6. Nf3 e5 7. 0-0 Nge7 8. Rb1 0-0 9. a3 a5 10. Ne1 Be6 11. Nd5 Rb8 12. Nxe7+ Nxe7 13. b4 axb4 14. axb4 b5 15. bxc5 bxc4 16. Rxb8 Qxb8 17. dxc4 dxc5 18. Be3 Bxc4 19. Bxc5 Qc7 20. Ba3 Rd8 21. Nd3 Nf5 22. Qa4 Nd4 23. Nc1 Bb5 24. Qb4 Bh6 25. Kh1 Bf8 26. Qb2 Rb8 0-1

[Event "IBCA-ol blind 15th"]
[Site "Ohrid"]
[Date "2017.06.27"]
[Round "8.2"]
[White "Wassin, Sergej"]
[Black "Eichstaedt, Mirko"]
[Result "1/2-1/2"]
[WhiteElo "2289"]
[BlackElo "2160"]
[PlyCount "83"]
[EventDate "2017.06.19"]
[EventType "team-swiss"]
[EventRounds "9"]
[EventCountry "MKD"]
[SourceTitle "CBM 179 Extra"]
[Source "ChessBase"]
[SourceDate "2017.08.23"]
[SourceVersion "1"]
[SourceVersionDate "2017.08.23"]
[SourceQuality "1"]
[WhiteTeam "Ukraine"]
[BlackTeam "Germany"]
[WhiteTeamCountry "UKR"]
[BlackTeamCountry "GER"]

1. Nf3 Nf6 2. c4 c6 3. d4 d5 4. Qc2 dxc4 5. Qxc4 Bf5 6. g3 e6 7. Bg2 Nbd7 8. 0-0 Be7 9. Nc3 0-0 10. Re1 Ne4 11. Qb3 Qb6 12. Nh4 Bxh4 13. gxh4 Nef6 14. e4 Bg6 15. Be3 Rfe8 16. Rad1 Rad8 17. d5 Qxb3 18. axb3 exd5 19. exd5 cxd5 20. Nxd5 Nxd5 21. Bxd5 b6 22. Bc6 Bf5 23. f4 Re6 24. Bb5 a6 25. Bxa6 Rde8 26. Bd2 Nc5 27. Rxe6 Bxe6 28. Be2 Bxb3 29. Re1 h6 30. Bb5 Rxe1+ 31. Bxe1 Na4 32. Bf2 Nxb2 33. Bxb6 Bc4 34. Bc6 Nd3 35. Bc7 Nb4 36. Be4 Nd5 37. Bd6 Nf6 38. Bf5 Be6 39. Bd3 g6 40. Kf2 Ne8 41. Be5 Ng7 42. Bf6 1/2-1/2

[Event "IBCA EU-chT blind 01st"]
[Site "Warsaw"]
[Date "2016.07.30"]
[Round "7.2"]
[White "Wassin, Sergej"]
[Black "Donmez, Unal"]
[Result "1/2-1/2"]
[WhiteElo "2298"]
[BlackElo "1827"]
[PlyCount "79"]
[EventDate "2016.07.24"]
[EventType "team-swiss"]
[EventRounds "9"]
[EventCountry "POL"]
[SourceTitle "CBM 173 Extra"]
[Source "ChessBase"]
[SourceDate "2016.08.29"]
[SourceVersion "1"]
[SourceVersionDate "2016.08.29"]
[SourceQuality "1"]
[WhiteTeam "Ukraine"]
[BlackTeam "Turkey"]
[WhiteTeamCountry "UKR"]
[BlackTeamCountry "TUR"]

1. d4 Nf6 2. Nf3 e6 3. g3 b6 4. Bg2 Bb7 5. 0-0 d5 6. Ne5 Bd6 7. c4 Nbd7 8. Nxd7 Qxd7 9. Nc3 0-0-0 10. cxd5 exd5 11. Bg5 Be7 12. a4 a6 13. Rc1 h6 14. Bf4 Bd6 15. Bxd6 Qxd6 16. e3 Kb8 17. Rc2 h5 18. h3 g5 19. Qe2 Ne4 20. Rfc1 Rd7 21. a5 b5 22. Nxe4 dxe4 23. Rc5 Bd5 24. g4 f6 25. Qc2 hxg4 26. Bxe4 Bxe4 27. Qxe4 gxh3 28. Rc6 h2+ 29. Kg2 Qd5 30. Qxd5 Rxd5 31. Rxf6 c5 32. dxc5 Rxc5 33. Rh1 Rc2 34. b3 Rb2 35. Rxh2 Rxh2+ 36. Kxh2 Kb7 37. Kg3 Rxb3 38. Rf7+ Kb8 39. Rf6 Kb7 40. Rf7+ 1/2-1/2

[Event "IBCA EU-ch blind 06th"]
[Site "Lyon"]
[Date "2015.07.26"]
[Round "2"]
[White "Riegler, Dieter"]
[Black "Wassin, Sergej"]
[Result "1/2-1/2"]
[WhiteElo "2095"]
[BlackElo "2298"]
[PlyCount "47"]
[EventDate "2015.07.25"]
[EventType "swiss"]
[EventRounds "9"]
[EventCountry "FRA"]
[SourceTitle "CBM 167 Extra"]
[Source "ChessBase"]
[SourceDate "2015.09.14"]
[SourceVersion "1"]
[SourceVersionDate "2015.09.14"]
[SourceQuality "1"]

1. d4 Nf6 2. c4 c5 3. d5 b5 4. cxb5 a6 5. bxa6 g6 6. Nc3 Bxa6 7. g3 Bg7 8. Bg2 d6 9. Nf3 Nbd7 10. Rb1 Nb6 11. 0-0 0-0 12. b3 Qc7 13. a4 Rfb8 14. Ne1 Nbd7 15. Nc2 Ne8 16. Bd2 Qc8 17. Re1 Rb7 18. Na3 Rab8 19. Ncb5 Nc7 20. Nxc7 Qxc7 21. Qc2 Ne5 22. f4 Ng4 23. e3 Qd7 24. Nc4 1/2-1/2

[Event "SLO-ch blind int 11th"]
[Site "Izola"]
[Date "2015.06.12"]
[Round "5"]
[White "Wassin, Sergej"]
[Black "Muri, Emil"]
[Result "1-0"]
[WhiteElo "2286"]
[BlackElo "1938"]
[PlyCount "63"]
[EventDate "2015.06.08"]
[EventType "swiss"]
[EventRounds "7"]
[EventCountry "SLO"]
[SourceTitle "EXT 2024"]
[Source "ChessBase"]
[SourceDate "2023.10.10"]
[SourceVersion "1"]
[SourceVersionDate "2023.10.10"]
[SourceQuality "1"]

1. d4 Nf6 2. c4 d6 3. Nc3 e5 4. Nf3 Nc6 5. d5 Ne7 6. e4 g6 7. Be2 Bg7 8. 0-0 0-0 9. b4 Kh8 10. a4 Nfg8 11. Ra3 f5 12. exf5 gxf5 13. Ng5 Ng6 14. Bh5 Qf6 15. Nb5 Bh6 16. Bxg6 Qxg6 17. Nxc7 Bxg5 18. Bxg5 Qxg5 19. Nxa8 f4 20. Nc7 Nf6 21. Ne6 Bxe6 22. dxe6 Rg8 23. g3 e4 24. Qd4 h5 25. Re1 Kh7 26. Rxe4 Nxe4 27. Qxe4+ Kh6 28. Rf3 fxg3 29. hxg3 Re8 30. Rf7 Qg6 31. Qf4+ Qg5 32. Rf6+ 1-0

[Event "IBCA Wch blind 13th"]
[Site "Katerini"]
[Date "2014.05.13"]
[Round "8"]
[White "Wassin, Sergej"]
[Black "Cabarkapa, Milenko"]
[Result "1-0"]
[WhiteElo "2299"]
[BlackElo "2182"]
[PlyCount "73"]
[EventDate "2014.05.05"]
[EventType "swiss"]
[EventRounds "9"]
[EventCountry "GRE"]
[SourceTitle "CBM 160 Extra"]
[Source "ChessBase"]
[SourceDate "2014.07.01"]
[SourceVersion "1"]
[SourceVersionDate "2014.07.01"]
[SourceQuality "1"]

1. d4 Nf6 2. c4 g6 3. g3 Bg7 4. Bg2 d5 5. cxd5 Nxd5 6. Nf3 0-0 7. 0-0 Nb6 8. Nc3 Nc6 9. d5 Na5 10. Nd4 e5 11. Nc2 Nac4 12. e4 Bd7 13. Ne3 Nxe3 14. Bxe3 Nc4 15. Bc5 Nd6 16. Qe2 b6 17. Be3 f5 18. f4 Re8 19. Rae1 fxe4 20. Bd2 Qe7 21. Bxe4 exf4 22. Rxf4 Be5 23. Bf3 Qg7 24. Re4 Bd4+ 25. Kg2 Nxe4 26. Nxe4 Bf5 27. Qc4 Kh8 28. b3 Bxe4 29. Bxe4 Rad8 30. Bf4 Be5 31. Bg5 Rd7 32. Bf3 Rf8 33. Bg4 Rdf7 34. Be3 h6 35. Qe4 Bc3 36. Be6 Re7 37. Rc1 1-0

[Event "IBCA Wch blind Gr2"]
[Site "Zaragoza"]
[Date "2013.06.16"]
[Round "5"]
[White "Mlacnik, Janez"]
[Black "Wassin, Sergej"]
[Result "0-1"]
[WhiteElo "1860"]
[BlackElo "2326"]
[PlyCount "88"]
[EventDate "2013.06.12"]
[EventType "swiss"]
[EventRounds "7"]
[EventCountry "ESP"]
[SourceTitle "EXT 2014"]
[Source "ChessBase"]
[SourceDate "2013.11.20"]
[SourceVersion "1"]
[SourceVersionDate "2013.11.20"]
[SourceQuality "1"]

1. e4 c5 2. Nf3 e6 3. d4 cxd4 4. Nxd4 a6 5. Nc3 Qc7 6. Be3 Nf6 7. f3 Bb4 8. Qd3 d5 9. exd5 Nxd5 10. Bd2 Nxc3 11. Bxc3 Bxc3+ 12. Qxc3 Qxc3+ 13. bxc3 0-0 14. Bd3 Nd7 15. 0-0 Nc5 16. Rfe1 Bd7 17. Nb3 Na4 18. c4 Rac8 19. Nd2 Bc6 20. Kf2 Rfd8 21. Re5 Rc7 22. g4 Rcd7 23. Ke3 Nb2 24. Ne4 Nxd3 25. cxd3 Rxd3+ 26. Kf2 f6 27. Rxe6 Kf7 28. Nc5 Rxf3+ 29. Kg1 Rf4 30. Rae1 Rxg4+ 31. Kf1 Rf4+ 32. Kg1 Rd2 33. Re7+ Kg6 34. Rxg7+ Kxg7 35. Ne6+ Kf7 36. Nxf4 Rxa2 37. Nd5 Rd2 38. Re7+ Kg6 39. Nb4 Bf3 40. Nd5 b5 41. Re6 Bxd5 42. cxd5 a5 43. Ra6 b4 44. Rxa5 b3 0-1

[Event "IBCA Wch blind Gr2"]
[Site "Zaragoza"]
[Date "2013.06.14"]
[Round "3"]
[White "Wassin, Sergej"]
[Black "Fernandez Manrique, Agustin"]
[Result "0-1"]
[WhiteElo "2326"]
[BlackElo "2186"]
[PlyCount "159"]
[EventDate "2013.06.12"]
[EventType "swiss"]
[EventRounds "7"]
[EventCountry "ESP"]
[SourceTitle "EXT 2014"]
[Source "ChessBase"]
[SourceDate "2013.11.20"]
[SourceVersion "1"]
[SourceVersionDate "2013.11.20"]
[SourceQuality "1"]

1. d4 Nf6 2. Nf3 g6 3. g3 Bg7 4. Bg2 0-0 5. c4 d6 6. 0-0 Nbd7 7. Nc3 e5 8. h3 a6 9. dxe5 Nxe5 10. Nxe5 dxe5 11. Qc2 Bf5 12. Qb3 Rb8 13. Rd1 Qc8 14. g4 Be6 15. Nd5 Bxd5 16. cxd5 Ne8 17. e4 Nd6 18. Be3 Kh8 19. Rac1 Qd7 20. Qc2 Rbc8 21. a4 f5 22. f3 fxe4 23. fxe4 Rf4 24. Bxf4 exf4 25. e5 Bxe5 26. Re1 Bd4+ 27. Kh1 Be3 28. Rcd1 Kg8 29. b3 Qe7 30. Rd3 Kf7 31. Rc3 Kg8 32. Re2 Qf6 33. Kh2 Qe7 34. Bf3 Qh4 35. Rg2 Qe7 36. Qd3 g5 37. Rgc2 a5 38. Re2 Qe5 39. Qc2 Qe7 40. Rd3 b6 41. Rc3 Kg7 42. Qd3 Kg8 43. Rec2 Kg7 44. Rg2 Qe5 45. Re2 Kg8 46. Qc2 Qe7 47. Rd3 Qe5 48. Qc3 Qe7 49. Kg2 Re8 50. b4 axb4 51. Qxb4 Ra8 52. Qb3 Qd7 53. Ra2 Ra5 54. Rc3 Bd4 55. Rcc2 Be3 56. Qd3 Qe7 57. Rc3 Bc5 58. Qe2 Be3 59. Rac2 Ra7 60. Kh2 Qd7 61. Rxe3 fxe3 62. Qxe3 h6 63. Qe6+ Qxe6 64. dxe6 Kf8 65. Bc6 Ke7 66. Re2 Ra5 67. h4 Rc5 68. Bd7 Rc4 69. hxg5 hxg5 70. Kh3 Ne4 71. Bb5 Rc3+ 72. Kh2 Nf6 73. Rg2 Kxe6 74. Re2+ Kd5 75. Re7 Nxg4+ 76. Kg2 Ne5 77. Kf2 g4 78. Rg7 Ra3 79. Rg8 c6 80. Kg2 0-1

[Event "IBCA Wch blind Gr2"]
[Site "Zaragoza"]
[Date "2013.06.12"]
[Round "1"]
[White "Wassin, Sergej"]
[Black "Jandric, Damjan"]
[Result "1/2-1/2"]
[WhiteElo "2326"]
[BlackElo "2050"]
[PlyCount "86"]
[EventDate "2013.06.12"]
[EventType "swiss"]
[EventRounds "7"]
[EventCountry "ESP"]
[SourceTitle "EXT 2014"]
[Source "ChessBase"]
[SourceDate "2013.11.20"]
[SourceVersion "1"]
[SourceVersionDate "2013.11.20"]
[SourceQuality "1"]

1. d4 Nf6 2. c4 g6 3. g3 Bg7 4. Bg2 0-0 5. Nf3 d6 6. 0-0 c6 7. Nc3 Qb6 8. b3 e5 9. c5 dxc5 10. Na4 Qc7 11. dxc5 Re8 12. e3 Na6 13. a3 Bf5 14. Bb2 Rad8 15. Qc1 Be4 16. Rd1 Rxd1+ 17. Qxd1 Nd5 18. b4 Qc8 19. Nc3 Nxc3 20. Bxc3 Nc7 21. Qb3 Nd5 22. Bb2 Qc7 23. Nd2 Bxg2 24. Kxg2 Qd7 25. Nc4 e4 26. Bxg7 Kxg7 27. h3 h5 28. Rd1 Qf5 29. Re1 h4 30. Qd1 hxg3 31. fxg3 Qe6 32. Qd4+ Kg8 33. Re2 Re7 34. Kh2 f5 35. Rd2 Rh7 36. Qe5 Qxe5 37. Nxe5 Kg7 38. Nc4 Kf6 39. Kg2 Ke6 40. h4 Rd7 41. Kf2 Rh7 42. Rd1 Rd7 43. Rd2 Rh7 1/2-1/2

[Event "Vilnius Braille op"]
[Site "Vilnius"]
[Date "2012.07.02"]
[Round "1"]
[White "Wassin, Sergej"]
[Black "Pakalniskis, Romas"]
[Result "1-0"]
[WhiteElo "2308"]
[BlackElo "1890"]
[PlyCount "67"]
[EventDate "2012.07.02"]
[EventType "swiss"]
[EventRounds "9"]
[EventCountry "LTU"]
[SourceTitle "EXT 2014"]
[Source "ChessBase"]
[SourceDate "2013.11.20"]
[SourceVersion "1"]
[SourceVersionDate "2013.11.20"]
[SourceQuality "1"]

1. d4 Nf6 2. c4 e6 3. Nc3 d5 4. cxd5 exd5 5. Bg5 Be7 6. e3 Nbd7 7. Bd3 c6 8. Qc2 h6 9. Bh4 0-0 10. Nge2 Re8 11. 0-0 Nf8 12. Rae1 Bg4 13. f3 Bd7 14. Kh1 N6h7 15. Bxe7 Qxe7 16. Ng3 g6 17. e4 dxe4 18. fxe4 f6 19. e5 f5 20. d5 cxd5 21. Nxd5 Qd8 22. Bc4 Be6 23. Nf4 Rc8 24. Bxe6+ Nxe6 25. Qb3 Qb6 26. Qxb6 axb6 27. Nxg6 Kg7 28. Nh4 f4 29. Ngf5+ Kh8 30. Ng6+ Kg8 31. Nd6 Kg7 32. Nxf4 Nxf4 33. Nxe8+ Rxe8 34. Rxf4 1-0

[Event "IBCA EU-ch blind 05th"]
[Site "Rhodes"]
[Date "2011.09.07"]
[Round "2"]
[White "Wassin, Sergej"]
[Black "Riegler, Dieter"]
[Result "1-0"]
[WhiteElo "2304"]
[BlackElo "2105"]
[PlyCount "59"]
[EventDate "2011.09.06"]
[EventType "swiss"]
[EventRounds "9"]
[EventCountry "GRE"]
[SourceTitle "CBM 144 Extra"]
[Source "ChessBase"]
[SourceDate "2011.10.28"]
[SourceVersion "1"]
[SourceVersionDate "2011.10.28"]
[SourceQuality "1"]

1. d4 Nf6 2. c4 g6 3. Nc3 Bg7 4. g3 0-0 5. Bg2 d6 6. Nf3 Nbd7 7. 0-0 e5 8. h3 exd4 9. Nxd4 a6 10. b3 Re8 11. Bb2 Rb8 12. a4 Ne5 13. f4 Ned7 14. e4 Nc5 15. Re1 c6 16. Kh2 h5 17. a5 Qc7 18. b4 Ncd7 19. b5 axb5 20. cxb5 Nc5 21. Qd2 Be6 22. Na4 Nxa4 23. Rxa4 c5 24. Nxe6 Rxe6 25. e5 Rbe8 26. a6 bxa6 27. bxa6 Qa7 28. f5 gxf5 29. exf6 Rxe1 30. Qg5 1-0

[Event "Olympiad-39"]
[Site "Khanty-Mansiysk"]
[Date "2010.10.03"]
[Round "11.4"]
[White "Boshku, Harallamb"]
[Black "Wassin, Sergej"]
[Result "1/2-1/2"]
[WhiteElo "2314"]
[BlackElo "2295"]
[PlyCount "64"]
[EventDate "2010.09.21"]
[EventType "team-swiss"]
[EventRounds "11"]
[EventCountry "RUS"]
[SourceTitle "CBM 139"]
[Source "ChessBase"]
[SourceDate "2010.11.18"]
[SourceVersion "1"]
[SourceVersionDate "2010.11.18"]
[SourceQuality "1"]
[WhiteTeam "Albania"]
[BlackTeam "IBCA"]
[WhiteTeamCountry "ALB"]

1. Nf3 g6 2. e4 c5 3. d4 Bg7 4. d5 d6 5. Be2 Nf6 6. Nc3 Na6 7. 0-0 Nc7 8. h3 0-0 9. Be3 b6 10. Qd2 Re8 11. Rad1 Bb7 12. a4 a6 13. Bh6 Bh8 14. Rfe1 Qd7 15. Bf1 b5 16. axb5 axb5 17. e5 Nfxd5 18. Bxb5 Nxb5 19. Nxd5 Nd4 20. Nxd4 cxd4 21. Qxd4 Qc6 22. Qb6 Qxb6 23. Nxb6 Ra6 24. exd6 Rxb6 25. Rxe7 Rd8 26. Be3 Rxb2 27. d7 Bc6 28. Rd6 Kf8 29. Bg5 Rxd7 30. Rdxd7 Bxd7 31. Rxd7 Be5 32. f4 Bc3 1/2-1/2